000
00321nam a2200133Ia 4500
008
230817s2022 xx 000 0 und d
041
_a
eng
082
_a
3462/BHA
100
_a
Indu Bhan
245
_a
Legal Eagles
250
_a
2015 Ed
260
_a
New Delhi
_b
Penguin Books India Pvt Ltd
_c
2022
300
_a
1-223pppp
999
_c
850532
_d
850532